| 000 | 01191nam a2200253 i 4500 | ||
|---|---|---|---|
| 001 | 75737 | ||
| 003 | ES-MaACL | ||
| 005 | 20251113180044.0 | ||
| 007 | t| | ||
| 008 | 040927m19351948cu |||| |dspa d | ||
| 245 | 0 | 0 | _aGrandes periodistas cubanos. |
| 260 |
_aLa Habana : _bSecretaría de Educación, _c1935-1948 ( _fCultural) |
||
| 300 |
_a5 v. ; _c21 cm. |
||
| 490 | 1 | _aPublicaciones del Ministerio de Educación | |
| 500 | _aFaltan: v. II y V. | ||
| 505 | 8 | _aContiene: I: José Armas y Cárdenas: (Justo de Lara): 35 trabajos periodísticos - III: Manuel Márquez Sterling: doctrina de la República - IV: Gastón Mora: espiritualidad y civilización - VI: José María Heredia: revisiones literarias / selección y prólogo de José María Chacón y Calvo - VII: Rafael M. Merchán: patria y cultura / selección y prólogo de Félix Lizaso | |
| 650 | 4 |
_aPeriodistas- _zCuba. _9169599 |
|
| 700 | 0 |
_aChacón y Calvo, José María, _d1893-1969 _937770 |
|
| 700 | 1 |
_aLizaso, Félix. _972618 |
|
| 710 | 1 |
_aCuba. _bMinisterio de Educación. _93339 |
|
| 830 | 0 | 0 |
_aPublicaciones del Ministerio de Educación _9187077 |
| 852 |
_aES-MaACL _jP-789 |
||
| 999 |
_c75737 _d75737 |
||